Complete office handbook : (Record no. 168)

000 -LEADER
fixed length control field 01492cam a2200373 a 4500
003 - CONTROL NUMBER IDENTIFIER
control field ALUPE UNIVERSITY
005 - DATE AND TIME OF LATEST TRANSACTION
control field 20210604114718.0
008 - FIXED-LENGTH DATA ELEMENTS--GENERAL INFORMATION
fixed length control field 010220s2002 nyuab 001 0 eng
020 ## - INTERNATIONAL STANDARD BOOK NUMBER
International Standard Book Number 0375709290 (pb)
040 ## - CATALOGING SOURCE
Transcribing agency DLC
050 00 - LIBRARY OF CONGRESS CALL NUMBER
Classification number HF5548
Item number .J34 1997
090 ## - LOCALLY ASSIGNED LC-TYPE CALL NUMBER (OCLC); LOCAL CALL NUMBER (RLIN)
Classification number (OCLC) (R) ; Classification number, CALL (RLIN) (NR) 651.8 JAD
100 1# - MAIN ENTRY--PERSONAL NAME
Personal name Jaderstrom, Susan.
245 10 - TITLE STATEMENT
Title Complete office handbook :
Remainder of title the definitive reference for today's electronic office /
Statement of responsibility, etc. Susan Jaderstrom, Leonard Kruk, and Joanne Miller ; general editor, Susan W. Fenner.
250 ## - EDITION STATEMENT
Edition statement Third edition
260 ## - PUBLICATION, DISTRIBUTION, ETC.
Place of publication, distribution, etc. New York :
Name of publisher, distributor, etc. Random House,
Date of publication, distribution, etc. c2002.
300 ## - PHYSICAL DESCRIPTION
Extent xii, 596 pages :
Other physical details illustrations, maps ;
Dimensions 24 cm.
336 ## - CONTENT TYPE
Content type term text
Content type code txt
Source rdacontent
337 ## - MEDIA TYPE
Media type term unmediated
Media type code n
Source rdamedia
338 ## - CARRIER TYPE
Carrier type term volume
Carrier type code nc
Source rdacarrier
500 ## - GENERAL NOTE
General note Includes index.
650 #0 - SUBJECT ADDED ENTRY--TOPICAL TERM
Topical term or geographic name entry element Office practice
General subdivision Automation.
700 1# - ADDED ENTRY--PERSONAL NAME
Personal name Kruk, Leonard B.
700 1# - ADDED ENTRY--PERSONAL NAME
Personal name Miller, Joanne.
700 1# - ADDED ENTRY--PERSONAL NAME
Personal name Fenner, Susan W.
710 2# - ADDED ENTRY--CORPORATE NAME
Corporate name or jurisdiction name as entry element International Association of Administrative Professionals.
906 ## - LOCAL DATA ELEMENT F, LDF (RLIN)
a AD:0:2
-- AL:0:1
-- AN:0:1
-- BR:0:1
-- BUR:5:14
-- BY:0:1
-- CE:1:0
-- CH:0:13
-- CL:0:2
-- DP:3:26
-- DT:0:1
-- EA:3:19
-- EB:0:1
-- ES:0:1
-- FV:0:1
-- GHP:0:20
-- LE:0:1
-- MAL:2:5
-- MAS:1:12
-- MI:0:2
-- ND:3:15
-- NT:0:1
-- PK:0:13
-- PL:0:3
-- PR:3:22
-- QS:0:1
-- RN:1:0
-- RS:10:60
-- TRL:0:1
-- WE:0:1
-- WS:0:1
-- YO:1:1
-- DIAL:0:3
-- SJ:0:2
942 ## - ADDED ENTRY ELEMENTS (KOHA)
Source of classification or shelving scheme
Koha item type Book
Suppress in OPAC JO
948 ## - LOCAL PROCESSING INFORMATION (OCLC); SERIES PART DESIGNATOR (RLIN)
Series part designator, SPT (RLIN) 28/05/2002
b (OCLC) 17/09/2002
Holdings
Withdrawn status Lost status Source of classification or shelving scheme Damaged status Not for loan Permanent Location Current Location Shelving location Date acquired Total Checkouts Full call number Barcode Date last seen Price effective from Koha item type Public note
          AU LIBRARY AU LIBRARY Open Shelf 04.06.2021   HF5548 .J34 1997 28000666 04.06.2021 04.06.2021 Book JO

Powered by Koha